India's spatial imaginations of South Asia : (Record no. 173048)

MARC details
000 -LEADER
fixed length control field 00763nam a22002177a 4500
005 - DATE AND TIME OF LATEST TRANSACTION
control field 20200218104905.0
010 ## - LCCN (DPL NO)
LC control number ENG-127891
020 ## - INTERNATIONAL STANDARD BOOK NUMBER
Terms of availability 995.00
International Standard Book Number 9780199489886
035 ## - SYSTEM CONTROL NUMBER
System control number EN-111423
037 ## - SOURCE OF ACQUISITION
Source of stock number/acquisition DBAD/PUB
082 ## - DEWEY DECIMAL CLASSIFICATION NUMBER
Classification number 327.54001
100 ## - MAIN ENTRY--PERSONAL NAME
Personal name Chatterjee, Shibashis
245 ## - TITLE STATEMENT
Title India's spatial imaginations of South Asia :
Statement of responsibility, etc by Shibashis Chatterjee; edited by Sumit Ganguly [and] E.Sridharan
Remainder of title power, commerce, and community/
260 ## - PUBLICATION, DISTRIBUTION, ETC. (IMPRINT)
Place of publication, distribution, etc New Delhi
Date of publication, distribution, etc 2019
Name of publisher, distributor, etc Oxford University Press
270 ## - ADDRESS
Address 2/11 Ground Floor,Ansari Road,Dariyaganj
Postal code 110002
City New Delhi
300 ## - PHYSICAL DESCRIPTION
Extent xxi;225p.
Other physical details 22(hb)
500 ## - GENERAL NOTE
General note includes bibliographical references and index<br/>
700 ## - ADDED ENTRY--PERSONAL NAME
Personal name Ganguly,Sumit
700 ## - ADDED ENTRY--PERSONAL NAME
Personal name E.Sridharan
942 ## - ADDED ENTRY ELEMENTS (KOHA)
Source of classification or shelving scheme Dewey Decimal Classification
Item type English Books
Classification part CHA
Call number prefix 327.54001
Holdings
Withdrawn status Lost status Not for loan Collection code Home library Current library Date acquired Source of acquisition Cost, normal purchase price Full call number Barcode Copy number Cost, replacement price Koha item type
      Non-fiction Central Library Central Library 18/02/2020 DBAD/PUB 995.00 CHA EN-111423 1 995.00 English Books

© Delhi Public Library
Hit Counter
free hit counter